| 000 | 00713nam a2200205 a 4500 | ||
|---|---|---|---|
| 001 | 12902 | ||
| 003 | BD-JhCC | ||
| 005 | 20230601123800.0 | ||
| 008 | 230601s2020 b |||| |||| 000 0 mul d | ||
| 035 | _a(BD-JhCC)12902 | ||
| 040 |
_aBD-JhCC _dBD-JhCC |
||
| 041 | _aArabic and Bangla | ||
| 082 |
_a297.1224 _bSHO 2020 |
||
| 245 |
_aশব্দার্থে আল কুরআন মাজীদ / _cমতিউর রহমান খান (অনু.) |
||
| 260 |
_aঢাকা : _bআধুনিক প্রকাশনী, _c২০২০ |
||
| 300 |
_aখন্ড ১-১০ : _c২২ সেমি. |
||
| 650 | _aAl Quran | ||
| 700 | _aখান, মতিউর রহমান | ||
| 942 |
_2ddc _cBK |
||
| 999 |
_c12902 _d12902 |
||